000 00390nam a2200157Ia 4500
008 210210b2000 xxu||||| |||| 00| 0 eng d
020 _a81 250 1354 7
082 _a824.914 SPIL
100 _aSPICE (Martin).
245 _aLynx.
260 _aHyderabad
_bOrient Longman
_c2000
300 _aiv,116
650 _aLynx - tiger Tiger - lynx
690 _aEnglish Pros
906 _aSG0371
999 _c114522
_d114522